Practical crafts
| Format: | Book |
|---|---|
| Published: |
New South Wales :
Kangapoo Press ,
1991
|
| Subjects: |
MARC
| LEADER | 00000cam a2200000 7i4500 | ||
|---|---|---|---|
| 001 | 0000004271 | ||
| 002 | 000004590 | ||
| 005 | 20000330.0 | ||
| 020 | |a 0864173296 | ||
| 090 | 0 | 0 | |a 745.5 |b PRA |
| 245 | 0 | 0 | |a Practical crafts |
| 260 | |a New South Wales : |b Kangapoo Press , |c 1991 | ||
| 300 | |a 224p. : |b illust ; |c 30cm. | ||
| 650 | 0 | 0 | |a Handicraft |
| 999 | |a 030272 |b BUKU |c PINJAMAN |e PERPUSTAKAAN KOMUNITI PETALING JAYA | ||